000 00472nam a2200181Ia 4500
001 14036
005 20260306164845.0
008 260306t2023||||xx |||||||||||||| ||spa||
041 _aESP
082 _a006.3
_bC263
100 _aCoeckelbergh, Mark,
_eAUT
245 0 _aLa filosofía política de la inteligencia artificial :
_buna introducción
260 _c2023
300 _a221 páginas :
_c21 cm.
650 _aGEN
654 _aCCC
942 _cLIB
_dJUS
_fJUS
_2ddc
_n
999 _c14036
_d14036